| 000 | 00958nam a2200253 a 4500 | ||
|---|---|---|---|
| 001 | 000035424 | ||
| 005 | 20200930074331.0 | ||
| 008 | 111031s1966 mx 001 0 spa d | ||
| 040 |
_aDO-SdBNP _bspa _cBNPHU |
||
| 082 |
_a335.43 _bS558e |
||
| 100 | 1 |
_aShishkin, A. F. _961257 |
|
| 240 | 1 | 0 |
_aOchoBbI Mapkchctckoй ЗThkh _lEspañol |
| 245 | 1 | 0 |
_aÉtica marxista / _cA. F. Shishkin ; traduccción Andrés Fierro Menu y Adolfo Sánchez Vásquez. |
| 260 |
_aMéxico : _bGrijalbo, _c1966. |
||
| 300 |
_a511 p. ; _c22 cm. |
||
| 500 | _aTítulo original en Ruso. | ||
| 504 | _aIncluye referencias bibliográficas y notas al pie de las páginas. | ||
| 500 | _aIncluye índice de nombres. | ||
| 590 | _aPerteneció a la biblioteca personal de Juan Isidro Jimenes Grullón | ||
| 650 | 4 |
_aÉtica comunista _95959 |
|
| 700 | 1 | 2 |
_aFierro Menu, Andrés, _etr. _961258 |
| 700 | 1 | 2 |
_aSánchez Vásquez, Adolfo, _etr. _947153 |
| 910 | _aValidado. Control de calidad MFF | ||
| 999 |
_c34915 _d34915 |
||